[Event "AUTO-ADV-4911"]
[Site "http://www.queenalice.com/game.php?id=1873022"]
[Date "2026.5.7"]
[Round "2"]
[White "Capixaba789"]
[Black "Tonto"]
[Result "0-1"]
[WhiteElo "1811"]
[BlackElo "1971"]

1. d4 d5 2. Nc3 e6 3. f4 Nc6 4. Nf3 Be7 5. e3 Nf6 6. Bd3 b6 7. O-O O-O 8. Ne2
Bb7 9. Ng3 Nb4 10. c3 Nxd3 11. Qxd3 a5 12. Ne5 c5 13. Bd2 b5 14. f5 c4 15. Qc2
Ba6 16. a3 Bd6 17. fxe6 fxe6 18. e4 Bb7 19. exd5 Bxd5 20. Kh1 Bxe5 21. dxe5 Ng4
22. h3 Qh4 23. Be1 Ne3 24. Rxf8+ Rxf8 25. Qe2 Nxg2 26. Kh2 Qf4 27. Bd2 Qf2 28.
Qxf2 Rxf2 29. Bg5 Nf4+ 30. Kg1 Nxh3# 0-1

[Event "AUTO-ADV-4911"]
[Site "http://www.queenalice.com/game.php?id=1873023"]
[Date "2026.5.7"]
[Round "2"]
[White "Tonto"]
[Black "Capixaba789"]
[Result "0-1"]
[WhiteElo "1977"]
[BlackElo "1793"]

1. Nc3 e5 2. e4 Nf6 3. d3 Be7 4. Nf3 d6 5. Be2 c5 6. O-O Be6 7. b3 Nc6 8. Na4
Nd4 9. Nxd4 cxd4 10. c4 a6 11. Bg5 O-O 12. Bxf6 Bxf6 13. h3 b5 14. Nb2 b4 15.
Bg4 a5 16. Bxe6 fxe6 17. Qg4 Qe7 18. Nd1 Qf7 19. f3 Rae8 20. a3 bxa3 21. Rxa3
Ra8 22. Nb2 Qe7 23. Na4 d5 24. exd5 Qxa3 25. Nb6 Qxb3 26. Qxe6+ Kh8 27. Nxa8
Rxa8 28. Qf5 a4 29. Qe6 a3 30. d6 a2 31. d7 Rg8 32. Qa6 h6 33. c5 Qb1 34. c6 Bg5
35. f4 exf4 36. c7 f3 37. gxf3 Be3+ 38. Kg2 Qc2+ 39. Kg3 Qxc7+ 40. Kg2 Qxd7 41.
Qxa2 Qf5 42. f4 Qxd3 43. Qe6 Qe2+ 0-1

[Event "AUTO-OPEN-4635"]
[Site "http://www.queenalice.com/game.php?id=1873122"]
[Date "2026.5.8"]
[Round "2"]
[White "Takeda"]
[Black "Capixaba789"]
[Result "1-0"]
[WhiteElo "2137"]
[BlackElo "1816"]

1. e4 e5 2. Nf3 d6 3. d4 exd4 4. Nxd4 Nf6 5. Nc3 Be7 6. Bd3 O-O 7. O-O c5 8. Nf5
Nc6 9. Bf4 Bxf5 10. exf5 Nd4 11. Ne2 Nc6 12. Re1 a6 13. a4 Nb4 14. c3 Nbd5 15.
Bd2 Rc8 16. Nf4 c4 17. Nxd5 cxd3 18. Nxe7+ 1-0

[Event "AUTO-OPEN-4635"]
[Site "http://www.queenalice.com/game.php?id=1873123"]
[Date "2026.5.8"]
[Round "2"]
[White "Capixaba789"]
[Black "Takeda"]
[Result "0-1"]
[WhiteElo "1809"]
[BlackElo "2139"]

1. d4 g6 2. e4 Bg7 3. c4 d6 4. Nc3 Nf6 5. Bd3 Nbd7 6. f4 e5 7. d5 O-O 8. Nf3 Re8
9. O-O Nc5 10. Bc2 a5 11. fxe5 dxe5 12. Be3 Qd6 13. Nb5 Qe7 14. b3 Ncxe4 15.
Bxe4 Nxe4 16. Qe1 f5 17. a4 b6 18. Rd1 Ba6 19. Kh1 Bxb5 20. axb5 Qd6 21. Ng5
Nxg5 22. Bxg5 Qb4 23. Qxb4 axb4 24. Ra1 Ra3 25. Rab1 Rea8 26. Be7 Bf8 27. Bxf8
Kxf8 28. h3 Ke7 29. Kh2 Ra2 30. h4 Rd2 31. Kh3 Raa2 32. Rg1 Rab2 0-1

[Event "AUTO-ADV-4923"]
[Site "http://www.queenalice.com/game.php?id=1873328"]
[Date "2026.5.13"]
[Round "2"]
[White "mvson33"]
[Black "Capixaba789"]
[Result "1/2-1/2"]
[WhiteElo "1841"]
[BlackElo "1788"]

1. e4 e5 2. Nf3 d6 3. Bc4 Be7 4. O-O Nf6 5. Nc3 O-O 6. h3 c5 7. a3 Nc6 8. d3 Be6
9. Bxe6 fxe6 10. Bg5 d5 11. exd5 Nxd5 12. Nxd5 exd5 13. Bxe7 Qxe7 14. Re1 Rae8
15. Qe2 Nd4 16. Nxd4 cxd4 17. Rad1 b6 18. g3 Qe6 19. Kg2 Rf6 20. Qg4 Qf7 21. Re2
Rf8 22. Rde1 Rxf2+ 23. Kg1 Rxe2 24. Qxe2 Re8 25. Kg2 e4 26. dxe4 Rxe4 27. Qf2
Qe7 28. Rxe4 Qxe4+ 29. Kg1 h6 30. Qg2 Qxg2+ 31. Kxg2 Kf7 32. Kf2 Ke6 33. Ke2 Ke5
34. Kd3 a5 1/2-1/2

[Event "AUTO-ADV-4923"]
[Site "http://www.queenalice.com/game.php?id=1873329"]
[Date "2026.5.13"]
[Round "2"]
[White "Capixaba789"]
[Black "mvson33"]
[Result "0-1"]
[WhiteElo "1813"]
[BlackElo "1844"]

1. d4 Nf6 2. c4 d5 3. e3 e6 4. c5 Be7 5. Nc3 O-O 6. f4 Bd7 7. Nf3 Nc6 8. Be2 a6
9. O-O Rb8 10. a3 Na5 11. b4 Nc6 12. Bb2 Ne4 13. Bd3 Nxc3 14. Bxc3 Bf6 15. Ne5
Be7 16. Qf3 Nxe5 17. fxe5 f6 18. Qh3 f5 19. g4 Qe8 20. gxf5 exf5 21. Be1 g6 22.
Bg3 Qf7 23. a4 Rbd8 24. a5 f4 25. Bxf4 Bxh3 0-1

[Event "AUTO-ADV-4923"]
[Site "http://www.queenalice.com/game.php?id=1873336"]
[Date "2026.5.13"]
[Round "2"]
[White "Capixaba789"]
[Black "maurice916"]
[Result "0-1"]
[WhiteElo "1802"]
[BlackElo "1863"]

1. d4 d5 2. Nc3 Nf6 3. f4 h6 4. Nf3 Bf5 5. e3 e6 6. Bd3 Nbd7 7. O-O Be7 8. Bxf5
exf5 9. Qe1 O-O 10. Bd2 c6 11. Ne5 g6 12. Ne2 Kg7 13. Ng3 Ne4 14. c3 Ndf6 15.
Nxe4 Nxe4 16. Qe2 f6 17. Nd3 Bd6 18. Nf2 Nxd2 19. Qxd2 Rf7 20. b4 b6 21. a4 Qd7
22. Nd3 Rh8 23. Qf2 Qe7 24. a5 Qe4 25. Ne1 h5 26. Nf3 Qe6 27. a6 Be7 28. h3 g5
29. fxg5 fxg5 30. Ne5 Rff8 31. Qe2 Rc8 32. c4 Bxb4 33. cxd5 cxd5 34. Rfc1 Kh6
35. Rxc8 Rxc8 36. Rb1 Be7 37. Qb5 Rc7 38. Qe8 Qf6 39. Nf7+ Kg7 40. Ne5 Bf8 41.
Qxh5 Bd6 42. Qf3 Bxe5 43. dxe5 Qxe5 44. Rd1 Rc5 45. Rf1 Kg6 46. Kh1 Qe4 47. Qg3
Ra5 48. Qd6+ Kh5 49. Qf8 d4 50. Qf7+ Kh4 51. Qh7+ Kg3 52. Rf3+ Qxf3 53. gxf3
Ra1# 0-1

[Event "AUTO-ADV-4923"]
[Site "http://www.queenalice.com/game.php?id=1873337"]
[Date "2026.5.13"]
[Round "2"]
[White "maurice916"]
[Black "Capixaba789"]
[Result "0-1"]
[WhiteElo "1866"]
[BlackElo "1790"]

1. Nf3 d5 2. b3 Nc6 3. Bb2 Nf6 4. e3 e6 5. Bb5 Bd7 6. O-O Bd6 7. d4 O-O 8. Nbd2
a6 9. Be2 Re8 10. c4 dxc4 11. bxc4 e5 12. dxe5 Nxe5 13. Nxe5 Bxe5 14. Bxe5 Rxe5
15. Nf3 Re8 16. Rb1 Bc6 17. Re1 Qe7 18. Qc1 Rab8 19. a3 Ne4 20. Nd4 Qf6 21. Bf3
Ng5 22. Bxc6 bxc6 23. Qc2 c5 24. Ne2 h5 25. Nf4 Qh6 26. Qe2 Ra8 27. Nxh5 Qg6 28.
Nf4 Qh6 29. h3 Ne4 30. Qf3 Nd2 31. Qd5 Ne4 32. Rbc1 Qd6 33. f3 Nf6 34. Qxd6 cxd6
35. Nd5 Ra7 36. Nxf6+ gxf6 37. Rb1 a5 38. Rb6 Re6 39. Kf2 Kg7 40. e4 Kg6 41. f4
Kg7 42. Rd1 Rxe4 43. Rdxd6 Rxc4 44. Rxf6 Ra4 45. Rf5 Rxa3 46. Rxc5 Ra2+ 47. Kg3
a4 48. Rb1 a3 49. Rcc1 Rd2 50. Rg1 a2 51. Ra1 Kg6 52. Kg4 f5+ 53. Kg3 Ra3+ 54.
Kh2 Rf2 55. Kh1 Rxf4 56. Rgc1 Rf2 57. Kg1 Rb2 58. Kh2 f4 59. Kg1 Rg3 60. Rc6+
Kg5 61. Rc5+ Kh4 62. Rc8 Rgxg2+ 63. Kf1 Rbf2+ 64. Ke1 f3 65. Rh8+ Kg3 66. Rg8+
Kh2 67. Rxg2+ Kxg2 68. Rd1 Re2# 0-1

[Event "AUTO-ADV-4924"]
[Site "http://www.queenalice.com/game.php?id=1873383"]
[Date "2026.5.14"]
[Round "2"]
[White "Capixaba789"]
[Black "altair"]
[Result "0-1"]
[WhiteElo "1798"]
[BlackElo "1833"]

1. d4 d5 2. Nc3 e6 3. f4 a6 4. Nf3 h6 5. e3 Bb4 6. Bd2 c5 7. Be2 Nc6 8. O-O Nf6
9. dxc5 Bxc5 10. Kh1 Bd7 11. Bd3 O-O 12. Ne2 Bd6 13. Ng3 Re8 14. a3 e5 15. fxe5
Bxe5 16. Nxe5 Nxe5 17. Be2 Bc6 18. Bc3 Qd7 19. Rb1 Neg4 20. Bxg4 Nxg4 21. Bd4
Bb5 22. Rf4 f5 23. Nh5 Re4 24. Rxe4 Nf2+ 0-1

[Event "AUTO-ADV-4924"]
[Site "http://www.queenalice.com/game.php?id=1873384"]
[Date "2026.5.14"]
[Round "2"]
[White "altair"]
[Black "Capixaba789"]
[Result "0-1"]
[WhiteElo "1846"]
[BlackElo "1784"]

1. e4 e5 2. Nf3 d6 3. h3 Nc6 4. a3 Nf6 5. d3 Be6 6. Be2 Be7 7. O-O O-O 8. b4 Nd4
9. c3 Nxe2+ 10. Qxe2 c6 11. c4 a6 12. Bb2 b5 13. Nbd2 Qd7 14. cxb5 axb5 15. Nb3
Bxb3 16. Nh2 Be6 17. f4 exf4 18. Rxf4 Rfe8 19. Qf3 Rac8 20. Qg3 Qd8 21. e5 Nh5
22. Qf3 Nxf4 23. Qxf4 dxe5 24. Qxe5 Bf6 25. Qe2 Qd5 26. Bxf6 gxf6 27. Ng4 Bxg4
28. Qxg4+ Qg5 29. Qf3 Re3 30. Qf1 Rxh3 31. a4 bxa4 32. Rxa4 Rg3 33. Ra2 Rd8 34.
Ra5 Qe3+ 35. Kh1 Rxd3 36. Ra1 Qh6+ 37. Kg1 Rd2 0-1